I CAN DO IT /

সংরক্ষণ করুন:
গ্রন্থ-পঞ্জীর বিবরন
প্রধান লেখক: HAY, LOUISE
বিন্যাস: গ্রন্থ
ভাষা:English
প্রকাশিত: TP.HCM, 2011.
বিষয়গুলি:
ট্যাগগুলো: ট্যাগ যুক্ত করুন
কোনো ট্যাগ নেই, প্রথমজন হিসাবে ট্যাগ করুন!
Thư viện lưu trữ: Mạng thư viện Đại học Đà Nẵng
LEADER 00867nam a22002651a 4500
001 000034261
003 10453
005 20221121161819.0
008 151027s2011 000 eng
041 |a eng 
082 |a 942.803  |b HA-L 
100 |a HAY, LOUISE 
245 0 |a I CAN DO IT /  |c LOUISE L.HAY.Tin vao chinh minh. 
260 |a TP.HCM,  |c 2011. 
300 |a 159p. : ;  |c 20cm. 
653 |a I CAN DO IT  |a Tin vao chinh minh 
OWN |a LNN 
AVA |a UDN50  |b LNN  |c English  |d 942.803 HA-L  |e available  |t Error 5001 Not defined in file expand_doc_bib_avail.  |f 5  |g 0  |h N  |i 1  |j AN 
999 |a From the UDN01 
AVA |a UDN50  |b LNN  |c English  |d 942.803 HA-L  |e available  |t Error 5001 Not defined in file expand_doc_bib_avail.  |f 5  |g 0  |h N  |i 1  |j AN 
TYP |a Monograph 
980 |a Mạng thư viện Đại học Đà Nẵng